Szent-Györgyi Albert dr. az első magyar Nobel-díjas

Elmentve itt :
Bibliográfiai részletek
Szerző: Issekutz Béla
Dokumentumtípus: Cikk
Megjelent: 1937-11-05
Sorozat:Magyar Orvos 18 No. 21
Kulcsszavak:Szent-Györgyi Albert, Élettani Társaság, C-vitamin, skorbut
Online Access:http://misc.bibl.u-szeged.hu/72271
LEADER 00674nab a2200181 i 4500
001 misc72271
005 20240125104131.0
008 240125s1937 hu o 000 hun d
040 |a SZTE Miscellanea Repozitórium  |b hun 
041 |a hun 
100 1 |a Issekutz Béla 
245 1 0 |a Szent-Györgyi Albert dr. az első magyar Nobel-díjas  |h [elektronikus dokumentum] /  |c  Issekutz Béla 
260 |c 1937-11-05 
300 |a 289-290 
490 0 |a Magyar Orvos  |v 18 No. 21 
561 |a Szent-Györgyi Albertről szóló irodalom 
695 |a Szent-Györgyi Albert, Élettani Társaság, C-vitamin, skorbut 
856 4 0 |u http://misc.bibl.u-szeged.hu/72271/1/szgya_1937_298.pdf  |z Dokumentum-elérés